000
00274nam a22001097a 4500
008
170118b xxu||||| |||| 00| 0 eng d
020
_a
9780833087669
041
_a
eng
080
_a
618.2
245
_a
FUEL REDUCTION FO THE MOBILITY AIR FORCES
_c
MOUTON, CH.A
942
_2
udc
_c
BK
999
_c
3056
_d
3056